• 首页
  • 本馆介绍
  • 公告通知
  • 最新文献
  • 馆藏检索
  • 电子资源
  • 读者导购
  • 参考咨询
  • 我的图书馆
  • 登录
  • 详细信息显示
  • 放入我的书架
  • 预约/预借图书
  • 作者相关作品
  • 分类相关作品
  • 丛书相关作品
  • 出版社相关作品

书目信息

  • 表格格式
  • 工作单格式
  • 卡片格式
题名:
嵌入式高速串行总线技术
    
 
作者: 张峰 著
分册:  
出版信息: 北京   电子工业出版社  2017.1
页数: 22,319页
开本: 26cm
丛书名:
单 册:
中图分类: TP332.1
科图分类:
主题词: 可编程序逻辑阵列--系统设计
电子资源:
ISBN: 978-7-121-30279-4
000 01100nam0 2200241 450
001 0400009202
005 20171119105812.0
010    @a978-7-121-30279-4@dCNY68.00
100    @a20170215d2017 em y0chiy50 ea
101 0  @achi@eeng
102    @aCN@b110000
105    @aa z 001yy
106    @ar
200 1  @a嵌入式高速串行总线技术@Aqian ru shi gao su chuan xing zong xian ji shu@e基于FPGA实现与应用@f张峰著
210    @a北京@c电子工业出版社@d2017.1
215    @a22,319页@c图表@d26cm
330    @a本书主要涉及嵌入式系统中的高速串行总线技术,传输速率在Gbps量级。本书首先按时间的先后顺序梳理出计算机和嵌入式系统中常用的总线技术;然后介绍并基于FPGA实现了目前嵌入式系统中常用的高速串行总线技术,如Serdes、JESD204、SRIO、PCIE、Aurora、SATA总线,侧重于终端技术实现;最后论述嵌入式系统中的常用总线架构,涉及CPCIE、VPX、FC、Infiniband总线架构技术,侧重于整机设计。
517 1  @a基于FPGA实现与应用@Aji yu FPGA shi xian yu ying yong
606 0  @a可编程序逻辑阵列@x系统设计
690    @aTP332.1@v5
701  0 @a张峰@AZhang Feng@4著
801  0 @aCN@b上海新华@c20171119
905    @b1028617-21@dTP332.1@e172@f5
    
    嵌入式高速串行总线技术:基于FPGA实现与应用/张峰著.-北京:电子工业出版社,2017.1
    22,319页:图表;26cm
    
    
    ISBN 978-7-121-30279-4:CNY68.00
    本书主要涉及嵌入式系统中的高速串行总线技术,传输速率在Gbps量级。本书首先按时间的先后顺序梳理出计算机和嵌入式系统中常用的总线技术;然后介绍并基于FPGA实现了目前嵌入式系统中常用的高速串行总线技术,如Serdes、JESD204、SRIO、PCIE、Aurora、SATA总线,侧重于终端技术实现;最后论述嵌入式系统中的常用总线架构,涉及CPCIE、VPX、FC、Infiniband总线架构技术,侧重于整机设计。
●
相关链接 在E读中查询图书 在五车中查询图书 在当当中查询图书 在豆瓣中查询图书


正题名:嵌入式高速串行总线技术     索取号:TP332.1/172         预约/预借

序号 登录号 条形码 馆藏地/架位号 状态 备注
1 1028617   210286171   第二样本阅览室/ [索取号:TP332.1/172] 在馆    
2 1028618   210286180   密集书库—计算机科学学院/ [索取号:TP332.1/172] 在馆    
3 1028619   210286199   第三借阅区/ [索取号:TP332.1/172] 在馆    
4 1028620   210286206   第三借阅区/ [索取号:TP332.1/172] 在馆    
5 1028621   210286215   第三借阅区/ [索取号:TP332.1/172] 在馆    
唐山师范学院图书馆 欢迎您!
大连网信软件有限公司© 版权所有